000 00512nam a2200169Ia 4500
003 IN-BaIIA
008 211028s9999 xx 000 0 eng d
040 _cIIA Library
080 _a58
_bMAT-81
245 0 _aManorama Year Book 1981
_cedited by K. M. Mathew
260 _aKerala
_bManorama Publishing
_c1981
300 _a781p.
650 _aAstronomy and Astrophysics Thesaurus
650 _aYearbook-1981
_911788
700 _aMathew, K M., ed.
_911789
942 _cBK
999 _c6882
_d6882